Design of RF and microwave amplifiers and oscillators (Record no. 66866)

000 -LEADER
fixed length control field 00493nam a22001697a 4500
003 - CONTROL NUMBER IDENTIFIER
control field NUST - PNEC
005 - DATE AND TIME OF LATEST TRANSACTION
control field 20170116181005.0
008 - FIXED-LENGTH DATA ELEMENTS--GENERAL INFORMATION
fixed length control field 150912b xxu||||| |||| 00| 0 eng d
020 ## - INTERNATIONAL STANDARD BOOK NUMBER
International Standard Book Number 089006797X
040 ## - CATALOGING SOURCE
Transcribing agency LIBRARY
082 ## - DEWEY DECIMAL CLASSIFICATION NUMBER
Classification number 621.381325 ABR
100 ## - MAIN ENTRY--PERSONAL NAME
9 (RLIN) 9779
Personal name Abrie, Pieter L. D.
245 ## - TITLE STATEMENT
Title Design of RF and microwave amplifiers and oscillators
Statement of responsibility, etc. Pieter L. D. Abrie
260 ## - PUBLICATION, DISTRIBUTION, ETC.
Date of publication, distribution, etc. c.1999
650 ## - SUBJECT ADDED ENTRY--TOPICAL TERM
9 (RLIN) 9780
Topical term or geographic name entry element Microwave amplifiers--Design and construction
General subdivision EL
942 ## - ADDED ENTRY ELEMENTS (KOHA)
Source of classification or shelving scheme
Koha item type Book
Holdings
Withdrawn status Lost status Source of classification or shelving scheme Damaged status Not for loan Permanent Location Current Location Shelving location Date acquired Total Checkouts Full call number Barcode Date last seen Price effective from Koha item type
          Pakistan Navy Engineering College (PNEC) Pakistan Navy Engineering College (PNEC)       621.381325 ABR PNECLIB-024626 09/12/2015   Book
© 2023 Central Library, National University of Sciences and Technology. All Rights Reserved.